Анализ опасных производственных факторов при эксплуатации трансформаторов на электростанции; Экология и безопасность в техносфере: современные проблемы и пути решения
| Parent link: | Экология и безопасность в техносфере: современные проблемы и пути решения.— 2018.— [389-391] |
|---|---|
| Autor principal: | |
| Autor Corporativo: | |
| Resumo: | Заглавие с экрана В данной статье проанализированы опасные факторы при работе электрической станции, также рассмотрены возможные последствия при взрыве трансформаторов, а также предложены мероприятия по снижению или искоренению возможных чрезвычайных ситуаций. This article analyzes the dangerous factors in the operation of the power plant, also considered the possible consequences of the explosion of transformers, as well as proposed measures to reduce or eliminate possible emergencies. |
| Idioma: | russo |
| Publicado em: |
2018
|
| Colecção: | Современные технологии ликвидации ЧС и техническое обеспечение аварийно-спасательных работ |
| Assuntos: | |
| Acesso em linha: | http://earchive.tpu.ru/handle/11683/52082 |
| Formato: | Recurso Electrónico Capítulo de Livro |
| KOHA link: | https://koha.lib.tpu.ru/cgi-bin/koha/opac-detail.pl?biblionumber=628725 |
MARC
| LEADER | 00000naa2a2200000 4500 | ||
|---|---|---|---|
| 001 | 628725 | ||
| 005 | 20231101133527.0 | ||
| 035 | |a (RuTPU)RU\TPU\conf\28995 | ||
| 035 | |a RU\TPU\conf\28991 | ||
| 090 | |a 628725 | ||
| 100 | |a 20181207d2018 k y0rusy50 ca | ||
| 101 | 0 | |a rus |d eng | |
| 102 | |a RU | ||
| 105 | |a y z 101zy | ||
| 135 | |a drgn ---uucaa | ||
| 181 | 0 | |a i | |
| 182 | 0 | |a b | |
| 200 | 1 | |a Анализ опасных производственных факторов при эксплуатации трансформаторов на электростанции |f С. К. Михалева | |
| 203 | |a Текст |c электронный | ||
| 225 | 1 | |a Современные технологии ликвидации ЧС и техническое обеспечение аварийно-спасательных работ | |
| 230 | |a 1 компьютерный файл (pdf; 120 Kb) | ||
| 300 | |a Заглавие с экрана | ||
| 320 | |a [Библиогр.: с. 391 (8 назв.)] | ||
| 330 | |a В данной статье проанализированы опасные факторы при работе электрической станции, также рассмотрены возможные последствия при взрыве трансформаторов, а также предложены мероприятия по снижению или искоренению возможных чрезвычайных ситуаций. | ||
| 330 | |a This article analyzes the dangerous factors in the operation of the power plant, also considered the possible consequences of the explosion of transformers, as well as proposed measures to reduce or eliminate possible emergencies. | ||
| 463 | 0 | |0 (RuTPU)RU\TPU\conf\28690 |t Экология и безопасность в техносфере: современные проблемы и пути решения |o сборник трудов Всероссийской научно-практической конференции молодых ученых, аспирантов и студентов, г. Юрга, 22-24 ноября 2018 г. |f Национальный исследовательский Томский политехнический университет (ТПУ), Юргинский технологический институт (ЮТИ) ; под ред. Д. А. Чинахова |v [389-391] |d 2018 | |
| 610 | 1 | |a электронный ресурс | |
| 610 | 1 | |a труды учёных ТПУ | |
| 610 | 1 | |a опасные факторы | |
| 610 | 1 | |a производственные факторы | |
| 610 | 1 | |a эксплуатация | |
| 610 | 1 | |a трансформаторы | |
| 610 | 1 | |a электростанции | |
| 610 | 1 | |a электрические станции | |
| 610 | 1 | |a взрывы | |
| 610 | 1 | |a чрезвычайные ситуации | |
| 700 | 1 | |a Михалева |b С. К. | |
| 712 | 0 | 2 | |a Национальный исследовательский Томский политехнический университет (ТПУ) |c (2009- ) |2 stltpush |3 (RuTPU)RU\TPU\col\15902 |
| 801 | 2 | |a RU |b 63413507 |c 20181210 |g RCR | |
| 856 | 4 | |u http://earchive.tpu.ru/handle/11683/52082 | |
| 942 | |c BK | ||